<?xml version="1.0" encoding="UTF-8"?>
<collection xmlns="http://www.loc.gov/MARC21/slim">
<record>
  <controlfield tag="001">304069</controlfield>
  <controlfield tag="005">20240928181256.0</controlfield>
  <datafield tag="035" ind1=" " ind2=" ">
    <subfield code="a">G:(GEPRIS)431770762</subfield>
  </datafield>
  <datafield tag="024" ind1="7" ind2=" ">
    <subfield code="a">G:(GEPRIS)431770762</subfield>
    <subfield code="d">431770762</subfield>
  </datafield>
  <datafield tag="040" ind1=" " ind2=" ">
    <subfield code="a">GEPRIS</subfield>
    <subfield code="c">http://gepris.its.kfa-juelich.de</subfield>
  </datafield>
  <datafield tag="150" ind1=" " ind2=" ">
    <subfield code="a">Automatisiertes Lager- und Dokumentationssystem für die Proteinkristallisation ("Kristallhotel")</subfield>
    <subfield code="y">2020</subfield>
  </datafield>
  <datafield tag="371" ind1=" " ind2=" ">
    <subfield code="a">Professor Dr. Daniel Kümmel</subfield>
  </datafield>
  <datafield tag="450" ind1=" " ind2=" ">
    <subfield code="a">DFG project G:(GEPRIS)431770762</subfield>
    <subfield code="w">d</subfield>
    <subfield code="y">2020</subfield>
  </datafield>
  <datafield tag="510" ind1="1" ind2=" ">
    <subfield code="a">Deutsche Forschungsgemeinschaft</subfield>
    <subfield code="0">I:(DE-588b)2007744-0</subfield>
    <subfield code="b">DFG</subfield>
  </datafield>
  <datafield tag="680" ind1=" " ind2=" ">
    <subfield code="a">Die Bestimmung von Proteinstrukturen ist eine wichtige Methode in der biochemischen/medizinischen Forschung, um die Funktionsweise von Proteinen unter physiologischen und pathologischen Bedingungen zu verstehen. Dazu kann die Röntgenkristallographie benutzt werden, wobei die Proteine hierzu kristallisiert werden müssen. Dabei ist die Kristallisation der Proteine die größte Herausforderung für das Gelingen der Strukturaufklärung und somit dem Erreichen der Forschungsziele. Es müssen eine Vielzahl von unterschiedlichen Bedingungen getestet und mehrere Runden der Optimierung durchlaufen werden um geeignete Kristallisationsbedingungen zu identifizieren. Durch eine moderne apparative Ausstattung kann diesem Problem begegnet werden, in dem die Arbeitsabläufe (teil)automatisiert werden. Dies wird durch das beantragte Lager- und Dokumentationssystem für die Proteinkristallisation gewährleistet. Zudem ermöglicht das exzellente bildgebende System, dass auch kleinere Kristalle erkannt werden können, die ansonsten unentdeckt blieben. Somit stellt das beantragte System eine entscheidende Grundlage für die erfolgreiche Durchführung proteinkristallographischer Projekte dar.</subfield>
  </datafield>
  <datafield tag="909" ind1="C" ind2="O">
    <subfield code="o">oai:juser.fz-juelich.de:970812</subfield>
    <subfield code="p">authority:GRANT</subfield>
    <subfield code="p">authority</subfield>
  </datafield>
  <datafield tag="980" ind1=" " ind2=" ">
    <subfield code="a">G</subfield>
  </datafield>
  <datafield tag="980" ind1=" " ind2=" ">
    <subfield code="a">AUTHORITY</subfield>
  </datafield>
  <datafield tag="909" ind1="C" ind2="O">
    <subfield code="o">oai:juser.fz-juelich.de:970812</subfield>
  </datafield>
</record>
</collection>